India / (Record no. 6382)

MARC details
000 -LEADER
fixed length control field 01009nam a22002777a 4500
001 - CONTROL NUMBER
control field 6382
003 - CONTROL NUMBER IDENTIFIER
control field FISKH
005 - DATE AND TIME OF LATEST TRANSACTION
control field 20250425162755.0
008 - FIXED-LENGTH DATA ELEMENTS--GENERAL INFORMATION
fixed length control field 250425b cb ||||| |||| 00| 0 eng d
020 ## - INTERNATIONAL STANDARD BOOK NUMBER
International Standard Book Number 9781741797800
040 ## - CATALOGING SOURCE
Original cataloging agency FISKH
Language of cataloging eng
Transcribing agency FISKH
Modifying agency FISKH
050 ## - LIBRARY OF CONGRESS CALL NUMBER
Classification number DS406 .I637
082 ## - DEWEY DECIMAL CLASSIFICATION NUMBER
Classification number 915.404532
100 ## - MAIN ENTRY--PERSONAL NAME
Personal name Singh, Sarina
245 ## - TITLE STATEMENT
Title India /
Statement of responsibility, etc. By Sarina Singh & Joe Bindloss
250 ## - EDITION STATEMENT
Edition statement First published , October 1981
260 ## - PUBLICATION, DISTRIBUTION, ETC.
Place of publication, distribution, etc. Fort Mill :
Name of publisher, distributor, etc. Lonely Planet,
Date of publication, distribution, etc. 2011.
300 ## - PHYSICAL DESCRIPTION
Extent 1229 pages :
Other physical details color illustrations, maps ;
Dimensions 20 cm .
490 ## - SERIES STATEMENT
Series statement Lonely Planet
520 ## - SUMMARY, ETC.
Summary, etc. Lonely Planet's India is your passport to the most relevant, up-to-date advice on what to see and skip, and what hidden discoveries await you. Explore the magnificent monument to love that is the Taj Mahal, climb into the high Hima.
650 ## - SUBJECT ADDED ENTRY--TOPICAL TERM
Topical term or geographic name entry element Lonely Planet
Form subdivision Non-fiction
650 ## - SUBJECT ADDED ENTRY--TOPICAL TERM
Topical term or geographic name entry element Travel guide
Form subdivision Non-fiction
700 ## - ADDED ENTRY--PERSONAL NAME
Personal name Bindloss, Joe
Relator term Illustrator
942 ## - ADDED ENTRY ELEMENTS (KOHA)
Source of classification or shelving scheme Dewey Decimal Classification
Koha item type Books
Suppress in OPAC No
Holdings
Withdrawn status Lost status Source of classification or shelving scheme Damaged status Not for loan Collection Home library Current library Shelving location Date acquired Total Checkouts Full call number Barcode Date last seen Price effective from Koha item type
    Dewey Decimal Classification     Non-Fiction Footprints International School Library Network Toul Tom Poung Campus Footprints International School Library Network Toul Tom Poung Campus TTP Secondary Non-Fiction Bookshelves 04/25/2025   SIN 915.404532 DS406 .I637 2025-1132 04/25/2025 04/25/2025 Books